Realizácia obnovy synagógy v Lučenci

Uložené v:
Podrobná bibliografia
Hlavný autor: Brusňai, Gabriel (Autor)
Ďalší autori: Makýš, Oto (Vedúci práce)
Médium: Rukopis Kniha
Jazyk:Slovak
Vydavateľské údaje: 2015
Predmet:
On-line prístup:http://is.stuba.sk/zp/portal_zp.pl?podrobnosti=109295
https://opac.crzp.sk/?fn=detailBiblioForm&sid=78283B71680DBAF21C46D41D22D4
Tagy: Pridať tag
Žiadne tagy, Buďte prvý, kto otaguje tento záznam!

MARC

LEADER 00000ntm a22000003a 4500
001 stuzp49524
003 SK-STU
005 20231011114357.5
007 ta
008 150427s2015----xo-----f-mn---000-0-slo-d
040 |a STU  |b slo 
041 0 |a slo 
100 1 |a Brusňai, Gabriel  |u 010270  |4 aut  |U SvF Stavebná fakulta  |T SvF Katedra technológie stavieb  |X 49238  |U V270  |Y 28  |7 A000049238 
242 0 1 |a Implementation of reconstruction of the synagogue in Lucenec  |y eng 
245 1 0 |a Realizácia obnovy synagógy v Lučenci 
260 |c 2015 
650 4 |a zariadenie staveniska  |2 slo 
650 4 |a časový plán  |2 slo 
650 4 |a obnova  |2 slo 
650 4 |a restoration  |2 eng 
650 4 |a construction timetable  |2 eng 
650 4 |a building-technological  |2 eng 
700 1 |a Makýš, Oto  |4 ths  |X 832  |7 A000000832 
856 4 |u http://is.stuba.sk/zp/portal_zp.pl?podrobnosti=109295 
856 4 |u https://opac.crzp.sk/?fn=detailBiblioForm&sid=78283B71680DBAF21C46D41D22D4 
SQL |a stuzp49524  |b DDP  |c SLO  |d Realizácia obnovy synagógy v Lučenci  |e 49238  |f Brusňai, Gabriel  |g 010270  |h 832  |i Makýš, Oto  |j 20150618  |k 681  |l 01  |m http://is.stuba.sk/zp/portal_zp.pl?podrobnosti=109295  |n I-TS  |o 5.2.8. stavebníctvo